[Event "Catalunya-chT Gp2"]
[Site "Barcelona"]
[Date "2017.01.28"]
[Round "2.6"]
[White "Llaneza Vega, Patricia"]
[Black "Gomez Jurado, Luis Alberto"]
[Result "1/2-1/2"]
[WhiteElo "2167"]
[BlackElo "2237"]
[PlyCount "38"]
[EventDate "2017.01.21"]
[EventType "team-tourn"]
[EventRounds "7"]
[EventCountry "ESP"]
[SourceTitle "CBM 176 Extra"]
[Source "ChessBase"]
[SourceDate "2017.03.02"]
[SourceVersion "1"]
[SourceVersionDate "2017.03.02"]
[SourceQuality "1"]
[WhiteTeam "Foment Martinenc"]
[BlackTeam "Sant Josep de Badalona"]
[WhiteTeamCountry "ESP"]
[BlackTeamCountry "ESP"]

1. e4 c6 2. d4 d5 3. Nc3 dxe4 4. Nxe4 Bf5 5. Ng3 Bg6 6. Nf3 Nd7 7. h4 h6 8. h5 Bh7 9. Bd3 Bxd3 10. Qxd3 e6 11. Bd2 Ngf6 12. 0-0-0 Be7 13. Kb1 0-0 14. Ne4 Nxe4 15. Qxe4 Nf6 16. Qe2 Qd5 17. Be3 Ng4 18. Bd2 Nf6 19. Be3 Ng4 1/2-1/2

[Event "Catalunya-chT Gp2"]
[Site "Barcelona"]
[Date "2017.01.21"]
[Round "1.5"]
[White "Perpinya Rofes, Lluis Maria"]
[Black "Llaneza Vega, Patricia"]
[Result "1-0"]
[WhiteElo "2356"]
[BlackElo "2167"]
[PlyCount "60"]
[EventDate "2017.01.21"]
[EventType "team-tourn"]
[EventRounds "7"]
[EventCountry "ESP"]
[SourceTitle "CBM 176 Extra"]
[Source "ChessBase"]
[SourceDate "2017.03.02"]
[SourceVersion "1"]
[SourceVersionDate "2017.03.02"]
[SourceQuality "1"]
[WhiteTeam "Colon Sabadell"]
[BlackTeam "Foment Martinenc"]
[WhiteTeamCountry "ESP"]
[BlackTeamCountry "ESP"]

1. e4 d5 2. exd5 Qxd5 3. Nc3 Qa5 4. d4 Nf6 5. Nf3 Bf5 6. Bd2 c6 7. Bc4 e6 8. Ne4 Qd8 9. Nxf6+ gxf6 10. Qe2 Be7 11. 0-0-0 Qc7 12. Rhe1 b5 13. Bb3 a5 14. a4 Nd7 15. Nh4 bxa4 16. Ba2 Qd6 17. Nxf5 exf5 18. Qh5 a3 19. Qxf7+ Kd8 20. Re6 axb2+ 21. Kb1 Qa3 22. Rde1 Bb4 23. R6e3 Qa4 24. Re8+ Kc7 25. Bf4+ Bd6 26. Bxd6+ Kxd6 27. R8e7 Rhd8 28. Qxf6+ Kc7 29. Qe5+ Kc8 30. Qxf5 Rb8 1-0

[Event "Andorra op 34th"]
[Site "Escaldes"]
[Date "2016.08.09"]
[Round "7"]
[White "Gozzoli, Yannick"]
[Black "Llaneza Vega, Patricia"]
[Result "1-0"]
[WhiteElo "2573"]
[BlackElo "2158"]
[PlyCount "91"]
[EventDate "2016.08.03"]
[EventType "swiss"]
[EventRounds "9"]
[EventCountry "AND"]
[SourceTitle "CBM 173 Extra"]
[Source "ChessBase"]
[SourceDate "2016.08.29"]
[SourceVersion "1"]
[SourceVersionDate "2016.08.29"]
[SourceQuality "1"]

1. e4 d5 2. exd5 Qxd5 3. Nc3 Qa5 4. d4 Nf6 5. Nf3 Bf5 6. Ne5 c6 7. g4 Bg6 8. h4 Nbd7 9. Nc4 Qc7 10. Qf3 Nd5 11. Be3 N7f6 12. Nxd5 cxd5 13. Ne5 0-0-0 14. Nxg6 fxg6 15. 0-0-0 e6 16. g5 Ne4 17. Bd3 Qa5 18. a3 Nd6 19. Bd2 Qb6 20. Rde1 Nf5 21. c3 Kb8 22. Qe2 Rc8 23. Bxf5 exf5 24. Qe5+ Bd6 25. Qxd5 Rhd8 26. Re6 Bxa3 27. Rxb6 Rxd5 28. Re6 Bd6 29. Kd1 Kc7 30. h5 Kd7 31. Ree1 f4 32. hxg6 hxg6 33. Rh7 Rg8 34. Rg1 Ke6 35. Ke2 Kf5 36. Kf3 b5 37. Rh4 b4 38. Bxf4 bxc3 39. bxc3 Rc8 40. Bd2 Rb5 41. Ke3 a5 42. Kd3 a4 43. Re4 Rb2 44. Rge1 a3 45. f3 a2 46. Re5+ 1-0

[Event "Portoroz op 10th"]
[Site "Portoroz"]
[Date "2016.07.27"]
[Round "6"]
[White "Llaneza Vega, Patricia"]
[Black "Jerez Perez, Alfonso"]
[Result "1/2-1/2"]
[WhiteElo "2171"]
[BlackElo "2384"]
[PlyCount "60"]
[EventDate "2016.07.23"]
[EventType "swiss"]
[EventRounds "9"]
[EventCountry "SLO"]
[SourceTitle "CBM 173 Extra"]
[Source "ChessBase"]
[SourceDate "2016.08.29"]
[SourceVersion "1"]
[SourceVersionDate "2016.08.29"]
[SourceQuality "1"]

1. e4 e6 2. d4 d5 3. Nc3 Bb4 4. e5 c5 5. Bd2 Ne7 6. a3 Bxc3 7. Bxc3 Nbc6 8. Nf3 cxd4 9. Bxd4 Nf5 10. c3 Bd7 11. Bd3 Nfxd4 12. cxd4 Qb6 13. Bc2 Qxb2 14. 0-0 Rc8 15. Rb1 Qxa3 16. Rb3 Qe7 17. Rxb7 Rb8 18. Rxb8+ Nxb8 19. Qd3 Nc6 20. Rb1 g6 21. h4 0-0 22. Rb7 Rb8 23. Rxb8+ Nxb8 24. Qd2 Kg7 25. h5 Nc6 26. h6+ Kg8 27. g3 a5 28. Ba4 Nb4 29. Bxd7 Qxd7 30. Nh2 Qd8 1/2-1/2

[Event "Portoroz op 10th"]
[Site "Portoroz"]
[Date "2016.07.25"]
[Round "4"]
[White "Kassebaum, Roman"]
[Black "Llaneza Vega, Patricia"]
[Result "0-1"]
[WhiteElo "2311"]
[BlackElo "2171"]
[PlyCount "48"]
[EventDate "2016.07.23"]
[EventType "swiss"]
[EventRounds "9"]
[EventCountry "SLO"]
[SourceTitle "CBM 173 Extra"]
[Source "ChessBase"]
[SourceDate "2016.08.29"]
[SourceVersion "1"]
[SourceVersionDate "2016.08.29"]
[SourceQuality "1"]

1. Nf3 Nf6 2. g3 g6 3. Bg2 Bg7 4. 0-0 0-0 5. c4 d6 6. Nc3 Nc6 7. Rb1 a5 8. a3 Bf5 9. d3 Qd7 10. Re1 e5 11. Nd2 Rae8 12. b4 axb4 13. axb4 Bh3 14. Bh1 Ng4 15. b5 Nd8 16. Ba3 f5 17. c5 e4 18. Qb3+ Kh8 19. e3 f4 20. Ndxe4 fxe3 21. fxe3 Nxe3 22. Bb2 Qf5 23. cxd6 Nd1 24. Bg2 Bd4+ 0-1